Contours of Old Testament theology / (Record no. 37428)

MARC details
000 -LEADER
fixed length control field 01303cam a22002894a 4500
001 - CONTROL NUMBER
control field 739761
005 - DATE AND TIME OF LATEST TRANSACTION
control field 20011115154057.0
008 - FIXED-LENGTH DATA ELEMENTS--GENERAL INFORMATION
fixed length control field 990107s1999 mnua b 001 0 eng
010 ## - LIBRARY OF CONGRESS CONTROL NUMBER
LC control number 99010518
020 ## - INTERNATIONAL STANDARD BOOK NUMBER
International Standard Book Number 0800630742 (alk. paper)
040 ## - CATALOGING SOURCE
Original cataloging agency DLC
Transcribing agency DLC
Modifying agency DLC
042 ## - AUTHENTICATION CODE
Authentication code pcc
050 00 - LIBRARY OF CONGRESS CALL NUMBER
Classification number BS1192.5
Item number .A53 1999
630 00 - SUBJECT ADDED ENTRY--UNIFORM TITLE
Uniform title Bible.
100 1# - MAIN ENTRY--PERSONAL NAME
Personal name Anderson, Bernhard W.
245 10 - TITLE STATEMENT
Title Contours of Old Testament theology /
Statement of responsibility, etc Bernhard W. Anderson ; with the assistance of Steven Bishop.
260 ## - PUBLICATION, DISTRIBUTION, ETC. (IMPRINT)
Place of publication, distribution, etc Minneapolis, MN :
Name of publisher, distributor, etc Fortress Press,
Date of publication, distribution, etc c1999.
300 ## - PHYSICAL DESCRIPTION
Extent ix, 358 p. :
Other physical details ill. ;
Dimensions 24 cm.
504 ## - BIBLIOGRAPHY, ETC. NOTE
Bibliography, etc Includes bibliographical references and indexes.
630 00 - SUBJECT ADDED ENTRY--UNIFORM TITLE
Name of part/section of a work O.T.
General subdivision Theology.
700 1# - ADDED ENTRY--PERSONAL NAME
Personal name Bishop, Steven.
906 ## - LOCAL DATA ELEMENT F, LDF (RLIN)
a 7
b cbc
c orignew
d 1
e ocip
f 19
g y-gencatlg
942 ## - ADDED ENTRY ELEMENTS (KOHA)
Source of classification or shelving scheme Library of Congress Classification
Item type Book
Holdings
Withdrawn status Lost status Source of classification or shelving scheme Damaged status Not for loan Collection code Home library Current library Shelving location Date acquired Total Checkouts Total Renewals Full call number Barcode Date last seen Date last borrowed Copy number Koha item type Source of acquisition Price effective from Cost, normal purchase price
    Library of Congress Classification     Non-fiction Bishop Okullu Memorial Library (Limuru Campus) Bishop Okullu Memorial Library (Limuru Campus) General Circulation 12/10/2010 67 6 BS1192.5 .A53 1999 022480 14/06/2024 05/06/2024 1 Book      
    Library of Congress Classification     Non-fiction Bishop Okullu Memorial Library (Limuru Campus) Bishop Okullu Memorial Library (Limuru Campus) General Circulation 05/11/2020 2 1 BS1192.5 .A53 1999 064362   15/09/2022 3 Book Donation-TBN 05/11/2020 2950.00
    Library of Congress Classification     Non-fiction Nairobi Campus Nairobi Campus General Circulation 12/10/2010 8 1 BS1192.5 .A53 1999 022481   21/11/2020 2 Book purchase 12/10/2010